Cargando...

The handbook of environmental education

Detalles Bibliográficos
Autores principales: Neal, Philip, Palmer, Joy
Formato: Printed Book
Lenguaje:English
Publicado: London, Routledge
1996
Materias:
LEADER 005480000a22001930004500
020 |a 0415093147 
041 |a eng 
082 |a 372.357 N6 
100 |a Neal, Philip  |9 125680 
100 |a Palmer, Joy  |9 125681 
245 |a The handbook of environmental education 
260 |a London, Routledge 
260 |a 1996 
465 |a P 14.99 
650 |a Environmental education  |9 125682 
650 |a National Curriculum  |9 125683 
942 |c BK 
999 |c 169725  |d 169721 
952 |0 0  |1 0  |4 0  |7 0  |9 168128  |a SPS  |b SPS  |d 2019-04-16  |l 0  |p SPS04228  |r 2019-04-16  |w 2019-04-16  |y BK